000 00737nam a2200265Ia 4500
003 OSt
005 20221006153117.0
006 a|||||r|||| 00| 0
007 ta
008 221006b |||||||| |||| 00| 0 jpn d
020 _a9784062107174
_c¥1600
024 _a31,316
037 _bGift, Donated By Prof. Sonoko Hijikata
_cTextual
040 _aEASL
_cEASL
_bjpn
041 _2jpn
_ajpn
082 _aT.42, P1
100 _aWASHIDA Kiyokazu
_9662529
245 0 _a(Yowasa) no chikara
260 _aTokyo
_bKodansha Japan
_c2001
300 _a222p
_ccm.
490 _v JL
650 _aJL
942 _hT.42, P1
_cTEXL
_2CC
999 _c1099402
_d1099402